000 00399 a2200145 4500
003 NUST
005 20230304145236.0
040 _cNust
082 _a891.439,FAZ
100 _aFaiz, Ahmed Faiz
_913462
245 _aMahnama Adabiyat / ماہنامہ ادبیات (Urdu) /
_cFaiz Ahmed Faiz
260 _aIslamabad
_bAkwami Adbiat Pakistani
_c2009
300 _a312 p.
942 _2ddc
_cBK
_k891.439,FAZ
999 _c194155
_d194155